000 00516nam a2200193Ia 4500
005 20250508162329.0
008 008 250505s9999 xx 000 0 eng d
037 _aTextual
040 _aFEDL
_beng
_cFEDL
041 _aeng
_2eng
084 _a370, GAR
_qFEDL
100 _aGarg B. R.
_9102253
245 0 _aEducation for tomorrow
260 _aAmbala, India
_bInternational Book Agency
_c1979
300 _a119p.
650 _aEducation
942 _cTEXL
_h370, GAR
999 _c1375879
_d1375879